00840nam a2200265 a 4500001001300000003000900013005001700022008004100039020002300080082002000103100001900123245008100142260004100223300000900264500003500273505001100308650002800319650002800347650002700375700001900402902000800421942000700429952012100436999001700557nice12345678IN_TiNIC20260116013923.0050524s1996 newa grp 000 0 eng  a8170366 c49500a307.720954bYUG aYugandhar, B N aLand Reforms in Indiab Vol 3, Andhra Pradesh-People`s Pressure and Administ aNew Delhi bSage Publications c1996 a393p aincludes index and biblioraphy2 aPlates aLand Reform-India-Rural aDevelopment-Rural India aTelangana-Rural Unrest1 aYugandhar, B N bSRS cBK 001040708StackRoom-aHMIbHMId2007-04-05g495.00l0o307.720954 YUGp017325r2007-04-05v495.00w2005-05-24yBK c13111d13111